أحكام الثمن في الفقه الاسلامي : دراسة فقهية مقارنة/
Saved in:
| Main Author: | |
|---|---|
| Other Authors: | |
| Format: | Thesis |
| Published: |
Palestine :
Jami'ah al-Najah al-Wataniyah,
2006.
|
| Subjects: | |
| Tags: |
Add Tag
No Tags, Be the first to tag this record!
|
| LEADER | 016870000a22003130004500 | ||
|---|---|---|---|
| 001 | 486489 | ||
| 005 | 20100409091500.0 | ||
| 035 | |a (Sirsi) 486489 | ||
| 040 | |a UIAM |b eng | ||
| 050 | 0 | 4 | |a BP158.4.F51 |
| 100 | 1 | |a شحاده، حسن محمد حسن | |
| 242 | 1 | 0 | |a Ahkam al-thaman fi al-fiqh al-Islami : dirasah fiqhiyah muqaranah |
| 245 | 1 | 0 | |a أحكام الثمن في الفقه الاسلامي : دراسة فقهية مقارنة/ |c حسن محمد حسن شحاده |
| 260 | |a Palestine : |b Jami'ah al-Najah al-Wataniyah, |c 2006. | ||
| 300 | |a 168, leaves ; |c 30 cm | ||
| 500 | |a Abstracts in English and Arabic | ||
| 500 | |a "Quddimat hathi al-utruhah istikmalan limutatallabat darajat al-Majistir fil fiqh wa al-tashri' bi-Kulliyat al-Dirasaat al-'Ulya fi Jami'at al-Najah al-Wataniyah fi Nablus, Filastin."-- On t. p. | ||
| 502 | |a Thesis (M.A.)--Jami'ah al-Najah al-Wataniyah, |c 2006. | ||
| 504 | |a Includes bibliographical and references. | ||
| 596 | |a 1 4 | ||
| 650 | |a Price regulation (Islamic law) | ||
| 655 | |a Theses, Facsimile edition (Islamic) | ||
| 700 | |a Shihadah, Hasan Muhammad Hasan | ||
| 710 | |a Jami'at al-Najah al-Wataniyah. |b Kulliyat al-Dirasat al-'Ulya | ||
| 710 | |a جامعة النجاح الوطنية. |b كلية الدراسات العليا | ||
| 900 | |a pts-mb-ami | ||
| 999 | |c 432538 |d 464604 | ||
| 952 | |0 0 |6 TI BP 000158.4 F51 S555A 2006 |7 0 |8 THESES |9 755706 |a IIUM |b IIUM |c MULTIMEDIA |g 639.00 |o ti BP 158.4 F51 S555A 2006 |p 00011169962 |r 2017-10-23 |t 1 |v 639.00 |y THESIS | ||
| 952 | |0 0 |6 TI BP 000158.4 F51 S555A 2006 |7 0 |8 THESES |9 756598 |a IIiBFL |b IIiBFL |c CLOSEACCES |g 639.00 |o ti BP 158.4 F51 S555A 2006 |p 00011169903 |r 2017-11-07 |t 1 |v 639.00 |y THESIS | ||
